000 00770nam a2200229 a 4500
001 BRCA_1037
005 20190320203243.0
008 930628s1989 gw-a---###---#001-0#eng-#
020 _a3791309226
040 _aDLC
_cDLC
041 _aeng
_hger
050 4 _aNK1390
_b.D47 1989
245 1 0 _aDesign Now
_bIndustry or Art?
_cedited and with commentaries by Volker Fischer ; with essays by Volker Albus, Jochen Gros and Matteo Thun.
260 _aMunich
_bPrestel
_c1989
300 _a325 p.
_bil. (algunas a color)
_c31 cm.
504 _aIncluye índice alfabético y lista de objetos
650 1 4 _aDiseño
_xHistoria
_ySiglo XX
_93189
700 1 _aFischer, Volker
_d1951-
_93419
700 1 _aAlbus, Volker
_d1949-
_93420
700 1 _aGros, Jochen
_93421
942 _2lcc
_cB
999 _c916
_d916